| 000 | 01062nam a2200253 a 4500 | ||
|---|---|---|---|
| 001 | 000047299 | ||
| 005 | 20201002053528.0 | ||
| 008 | 150130s2014 dr ac 000 0 spa d | ||
| 020 | _a9789945118865 (v. 1) | ||
| 020 | _a9789945118896 (v. 2) | ||
| 020 | _a9789945118834 (v. 3) | ||
| 040 |
_aDO-SdBNP _bspa _cBNPHU |
||
| 100 | 1 |
_aMolina Moloon, Andrés _96595 |
|
| 245 | 1 | 0 |
_aMatemáticas 3 : _beducación primaria / _ctexto Andrés Molina Moloon ; dirección editorial Claudia Llibre ; ilustraciones Ruddy Núñez... [et. al]. |
| 260 |
_aSanto Domingo : _bSantillana, _c2014. |
||
| 300 |
_a3v : _bil., retrs., ; _c28 cm. _eCD Room + |
||
| 490 | 1 | _aProyecto todos juntos | |
| 505 | 0 |
_gv. 1 : _tIibro de texto _gEvaluación diagnóstica -- _gv. 2. _tGuía didáctica pra el profesorado -- _gv. 3. _tcuaderno fichas de actividades. |
|
| 590 | _aInventariado, 2018/VM | ||
| 710 | 2 |
_aEdiciones Santillana (República Dominicana) _958397 |
|
| 700 | 1 |
_aLlibre, Claudia _edir. ed. _930462 |
|
| 700 | 1 |
_aNúñez, Ruddy _eil. _923171 |
|
| 830 | 0 |
_aProyecto todos juntos _930856 |
|
| 999 |
_c46787 _d46787 |
||